| 000 | 01466nam a2200217Ia 4500 | ||
|---|---|---|---|
| 008 | 220216s9999 xx 000 0 und d | ||
| 100 | _aClement-Demange A | ||
| 245 | 0 | _aEstimation of genetic value applied to early selection in Hevea brasiliensis | |
| 260 | _bIn Traitements statistiques des essais de selection, 12-14 September 1994, Montpellier, France p 227-242 | ||
| 500 | _aSource Year: 1996 | ||
| 520 | _aEarly selection of Hevea in the Cote dIvoire is in 2 stages designated CES (seedling evaluation field) and CCPE (grafted clone field). It is based on genotypic selection, which is theoretically superior to mass selection, and is described under the following headings: genetic selection of Hevea in the Cote dIvoire; principles of genotypic selection; and analysis of data from CES and CCPE (selection at the level of CES in 1989 (CES89); selection at the level of CES in 1991 (CES91); study of relations between CES and CCPE (the case of CES75; the case of CES81; and the case of CES84). Selection showed some effectiveness for yield but was ineffective for growth in the CES. The results suggested reducing the intensity of selection in the CES and systamatically adopting a family structure for selection in the CCPE. | ||
| 650 | _aCote dIvoire | ||
| 650 | _aGenotypic selection | ||
| 650 | _aHevea brasiliensis | ||
| 700 | _aGnagne M | ||
| 700 | _aLegnate H | ||
| 700 | _aNicolas D | ||
| 700 | _aSavy Y | ||
| 856 | _uPBA | ||
| 942 | _cJS | ||
| 999 |
_c58827 _d58827 |
||